<?xml version="1.0" encoding="UTF-8"?>
<record
    xmlns:xsi="http://www.w3.org/2001/XMLSchema-instance"
    xsi:schemaLocation="http://www.loc.gov/MARC21/slim http://www.loc.gov/standards/marcxml/schema/MARC21slim.xsd"
    xmlns="http://www.loc.gov/MARC21/slim">

  <leader>06178cam a2200457Ii 4500</leader>
  <datafield tag="999" ind1=" " ind2=" ">
    <subfield code="c">8877</subfield>
    <subfield code="d">8877</subfield>
  </datafield>
  <controlfield tag="001">1022087251</controlfield>
  <controlfield tag="003">OCoLC</controlfield>
  <controlfield tag="005">20241126110700.0</controlfield>
  <controlfield tag="008">090817t20182018ilua     b    000 0 eng d</controlfield>
  <datafield tag="010" ind1=" " ind2=" ">
    <subfield code="a">2010481142</subfield>
  </datafield>
  <datafield tag="020" ind1=" " ind2=" ">
    <subfield code="a">9781478635697</subfield>
  </datafield>
  <datafield tag="020" ind1=" " ind2=" ">
    <subfield code="a">147863569X</subfield>
  </datafield>
  <datafield tag="020" ind1=" " ind2=" ">
    <subfield code="a">9781577666349</subfield>
  </datafield>
  <datafield tag="020" ind1=" " ind2=" ">
    <subfield code="a">1577666348</subfield>
  </datafield>
  <datafield tag="024" ind1="8" ind2=" ">
    <subfield code="a">99935597421</subfield>
  </datafield>
  <datafield tag="024" ind1="8" ind2=" ">
    <subfield code="a">99976132603</subfield>
  </datafield>
  <datafield tag="035" ind1=" " ind2=" ">
    <subfield code="a">(OCoLC)1022087251</subfield>
  </datafield>
  <datafield tag="040" ind1=" " ind2=" ">
    <subfield code="a">FWR</subfield>
    <subfield code="b">eng</subfield>
    <subfield code="e">rda</subfield>
    <subfield code="c">FWR</subfield>
    <subfield code="d">OCLCO</subfield>
    <subfield code="d">GSU</subfield>
    <subfield code="d">COA</subfield>
    <subfield code="d">DKU</subfield>
    <subfield code="d">ZYU</subfield>
    <subfield code="d">YDX</subfield>
    <subfield code="d">UCW</subfield>
  </datafield>
  <datafield tag="050" ind1="0" ind2="0">
    <subfield code="a">GN395</subfield>
    <subfield code="b">.U725 2018</subfield>
  </datafield>
  <datafield tag="066" ind1=" " ind2=" ">
    <subfield code="c">Zsym</subfield>
  </datafield>
  <datafield tag="082" ind1="0" ind2="4">
    <subfield code="a">254.22</subfield>
    <subfield code="a">599.97</subfield>
    <subfield code="b">URB</subfield>
  </datafield>
  <datafield tag="245" ind1="0" ind2="0">
    <subfield code="a">Urban life :</subfield>
    <subfield code="b">readings in the anthropology of the city /</subfield>
    <subfield code="c">[edited by] George Gmelch, University of San Francisco, Petra Kuppinger, Monmouth College.</subfield>
  </datafield>
  <datafield tag="246" ind1="3" ind2=" ">
    <subfield code="a">Readings in the anthropology of the city</subfield>
  </datafield>
  <datafield tag="250" ind1=" " ind2=" ">
    <subfield code="a">Sixth edition.</subfield>
  </datafield>
  <datafield tag="264" ind1=" " ind2="1">
    <subfield code="a">Long Grove, Illinois :</subfield>
    <subfield code="b">Waveland Press,</subfield>
    <subfield code="c">[2018]</subfield>
  </datafield>
  <datafield tag="264" ind1=" " ind2="4">
    <subfield code="c">&#xFFFD;&#xFFFD;2018</subfield>
  </datafield>
  <datafield tag="300" ind1=" " ind2=" ">
    <subfield code="a">xii, 519 pages :</subfield>
    <subfield code="b">illustrations ;</subfield>
    <subfield code="c">23 cm</subfield>
  </datafield>
  <datafield tag="336" ind1=" " ind2=" ">
    <subfield code="a">text</subfield>
    <subfield code="b">txt</subfield>
    <subfield code="2">rdacontent</subfield>
  </datafield>
  <datafield tag="337" ind1=" " ind2=" ">
    <subfield code="a">unmediated</subfield>
    <subfield code="b">n</subfield>
    <subfield code="2">rdamedia</subfield>
  </datafield>
  <datafield tag="338" ind1=" " ind2=" ">
    <subfield code="a">volume</subfield>
    <subfield code="b">nc</subfield>
    <subfield code="2">rdacarrier</subfield>
  </datafield>
  <datafield tag="504" ind1=" " ind2=" ">
    <subfield code="a">Includes bibliographical references.</subfield>
  </datafield>
  <datafield tag="505" ind1="0" ind2="0">
    <subfield code="g">Part one.</subfield>
    <subfield code="t">Urban fieldwork --</subfield>
    <subfield code="t">Anthropological fieldwork in cities /</subfield>
    <subfield code="r">George M. Foster and Robert V. Kemper --</subfield>
    <subfield code="t">Networks, neighborhoods, and markets : fieldwork in Tokyo /</subfield>
    <subfield code="r">Theodore C. Bestor --</subfield>
    <subfield code="t">Nomads in the city : studying Irish travellers /</subfield>
    <subfield code="r">Sharon Bohn Gmelch --</subfield>
    <subfield code="t">Moscow encounters : ethnography in a global urban village /</subfield>
    <subfield code="r">Melissa L. Caldwell --</subfield>
    <subfield code="t">Student fieldworkers in village and city /</subfield>
    <subfield code="r">George Gmelch and Sharon Bohn Gmelch --</subfield>
    <subfield code="t">Shadowing as a methodology : notes from research in Strasbourg, Amsterdam, Barcelona, and Milan /</subfield>
    <subfield code="r">O&#xFFFD;&#xFFFD;uz Alyanak, Sherria Ayuandini, Guillermo Mart&#xFFFD;&#xFFFD;n-S&#xFFFD;&#xFFFD;iz, and Lauren Crossland-Marr --</subfield>
    <subfield code="g">part two.</subfield>
    <subfield code="t">Communities. --</subfield>
    <subfield code="t">Urban danger : life in a neighborhood of strangers /</subfield>
    <subfield code="r">Sally Engle Merry --</subfield>
    <subfield code="t">The edge and the center : gated communities and the discourse of urban fear /</subfield>
    <subfield code="r">Setha M. Low --</subfield>
    <subfield code="t">Rethinking camps : Palestinian refugees in Damascus, Syria /</subfield>
    <subfield code="r">Nell Gabiam --</subfield>
    <subfield code="t">Families, friends, neighbors, and communities in Chinese cities /</subfield>
    <subfield code="r">William Jankowiak and Robert L. Moore. --</subfield>
    <subfield code="t">Thick connections : daily life in an urban community in Egypt /</subfield>
    <subfield code="r">Farha Ghannam.</subfield>
    <subfield code="t">Beyond urban and rural communities in the 21st century /</subfield>
    <subfield code="r">Walter P. Zenner.</subfield>
    <subfield code="g">part three.</subfield>
    <subfield code="t">Urban structure, inequality, and survival --</subfield>
    <subfield code="t">How urban ethnography counters myths about the poor /</subfield>
    <subfield code="r">Judith Goode --</subfield>
    <subfield code="t">Office work and the crack alternative among Puerto Rican drug dealers in East Harlem /</subfield>
    <subfield code="r">Philippe Bourgois --</subfield>
    <subfield code="t">The view from the front desk : addressing homelessness and the homeless in Dallas /</subfield>
    <subfield code="r">Julie Adkins --</subfield>
    <subfield code="t">Gangs, poverty, and the future /</subfield>
    <subfield code="r">James Diego Vigil --</subfield>
    <subfield code="t">"...And then the wall was knocked down" : movements, politics, and the built environment in multiethnic Paris /</subfield>
    <subfield code="r">Andrew Newman --</subfield>
    <subfield code="g">part four.</subfield>
    <subfield code="t">Immigrants, migrants, and refugees --</subfield>
    <subfield code="t">Cityward migration in comparative perspective /</subfield>
    <subfield code="r">Caroline B. Brettell and Robert V. Kemper --</subfield>
    <subfield code="t">Transnationalism, old and new : New York immigrants /</subfield>
    <subfield code="r">Nancy Foner --</subfield>
    <subfield code="t">The extended community : migration and transformation in Tzintzuntzan, Mexico /</subfield>
    <subfield code="r">Robert V. Kemper --</subfield>
    <subfield code="t">From Cuenca, Ecuador, to New York, U.S.A: : families and transnational lives /</subfield>
    <subfield code="r">Ann Miles --</subfield>
    <subfield code="t">Global transactions : Sudanese refugees sending money home /</subfield>
    <subfield code="r">Dianna J. Shandy --</subfield>
    <subfield code="g">part five.</subfield>
    <subfield code="t">Changing cities --</subfield>
    <subfield code="t">Hyderabad : continuities and transformations /</subfield>
    <subfield code="r">Karen Isaksen Leonard --</subfield>
    <subfield code="t">Sofia : city of contradictions /</subfield>
    <subfield code="r">Kristen Ghodsee --</subfield>
    <subfield code="t">Dakar : transformations, clothing, and identities /</subfield>
    <subfield code="r">Suzanne Scheld --</subfield>
    <subfield code="g">part six.</subfield>
    <subfield code="t">Current topics in urban anthropology --</subfield>
    <subfield code="t">Elders, urban community gardens, civic ecology, and the quest for community /</subfield>
    <subfield code="r">Jay Sokolovsky --</subfield>
    <subfield code="t">Green apple, brown spots : environmental gentrification in New York City /</subfield>
    <subfield code="r">Melissa Checker -- Waste and garbage in the city : a case study from Cairo, Egypt /</subfield>
    <subfield code="r">Petra Kuppinger --</subfield>
    <subfield code="t">Life in gridlock : traffic and transportation in Istanbul /</subfield>
    <subfield code="r">Berna Yzici --</subfield>
    <subfield code="t">Left dry : water, politics, and exclusion in Mumbai /</subfield>
    <subfield code="r">Nikhil Anand --</subfield>
    <subfield code="t">Making a living in the city : children and work in Guatemala City /</subfield>
    <subfield code="r">Thomas Offit and Petra Kuppinger --</subfield>
    <subfield code="t">Infrastructures of accessibility in urban Ecuador /</subfield>
    <subfield code="r">Nick Rattray --</subfield>
    <subfield code="t">Preaching, place-making, community-building, and gardening : lived religion in a German City /</subfield>
    <subfield code="r">Petra Kuppinger --</subfield>
    <subfield code="r">About the authors.</subfield>
  </datafield>
  <datafield tag="520" ind1=" " ind2=" ">
    <subfield code="a">"More than half of the world's population lives in cities. What are their lives like in very different global and globalizing cities? How can urban anthropologists study and understand the diverse and complex experiences of urban dwellers all over the globe?</subfield>
  </datafield>
  <datafield tag="520" ind1=" " ind2=" ">
    <subfield code="a">The latest edition of 'Urban life' explores questions about how to study urban lives and examines experiences of urban inhabitants in cities across the globe. Authors as questions such as, how can one study the activities in a huge fish market in Tokyo? How do elderly residents benefit from urban agriculture in New York City? How do people maneuver ever-present traffic jams in Istanbul? How do low-income residents in Cairo manage their lives drawing on neighborhood social networks? How do immigrants fight for green spaces in Paris? How do families manage transnational ties between New York City and Ecuador?</subfield>
  </datafield>
  <datafield tag="520" ind1=" " ind2=" ">
    <subfield code="a">The book is organized into six parts: urban fieldwork; communities; urban structure, inequality, and survival; immigrants, migrants, and refugees; changing cities; and current topics in urban anthropology.. The last part addresses issues at the forefront of anthropological research and broader political debates, like environmental justice, disability and accessibility, and access to water supplies. Each part includes an introduction and each chapter is preceded by notes about its context and relevance. The rich ethnographic content of the chapters makes them highly accessible to students while addressing relevant topics and themes." -- rear cover.</subfield>
  </datafield>
  <datafield tag="650" ind1=" " ind2="0">
    <subfield code="a">Urban anthropology.</subfield>
    <subfield code="9">15586</subfield>
  </datafield>
  <datafield tag="650" ind1=" " ind2="0">
    <subfield code="a">Sociology, Urban.</subfield>
    <subfield code="9">15587</subfield>
  </datafield>
  <datafield tag="700" ind1="1" ind2=" ">
    <subfield code="a">Gmelch, George,</subfield>
    <subfield code="e">editor.</subfield>
    <subfield code="9">15588</subfield>
  </datafield>
  <datafield tag="700" ind1="1" ind2=" ">
    <subfield code="a">Kuppinger, Petra,</subfield>
    <subfield code="e">editor.</subfield>
    <subfield code="9">15589</subfield>
  </datafield>
  <datafield tag="942" ind1=" " ind2=" ">
    <subfield code="2">ddc</subfield>
    <subfield code="c">BK</subfield>
    <subfield code="0">5</subfield>
  </datafield>
  <datafield tag="952" ind1=" " ind2=" ">
    <subfield code="0">0</subfield>
    <subfield code="1">0</subfield>
    <subfield code="2">ddc</subfield>
    <subfield code="4">0</subfield>
    <subfield code="7">0</subfield>
    <subfield code="a">GBC</subfield>
    <subfield code="b">GBC</subfield>
    <subfield code="c">MNMS</subfield>
    <subfield code="d">2022-01-12</subfield>
    <subfield code="l">6</subfield>
    <subfield code="m">1</subfield>
    <subfield code="o">254.22 URB</subfield>
    <subfield code="p">015363</subfield>
    <subfield code="r">2025-09-29 13:58:41</subfield>
    <subfield code="s">2025-09-23</subfield>
    <subfield code="t">c.1</subfield>
    <subfield code="w">2022-01-12</subfield>
    <subfield code="y">BK</subfield>
  </datafield>
</record>
